Normal view
MARC view
Entry Nombre corporativo
001 - NÚMERO DE CONTROL
- campo de control: 183817
003 - IDENTIFICADOR DEL NÚMERO DE CONTROL
- campo de control: OSt
005 - FECHA Y HORA DE LA ÚLTIMA TRANSACCIÓN
- campo de control: 20220601075628.0
008 - DATOS DE LONGITUD FIJA
- campo de control de longitud fija: 220601|| aca||aabn | a|a d
040 ## - FUENTE DE LA CATALOGACIÓN
- Centro catalogador/agencia de origen: OSt
- Centro/agencia transcriptor: OSt
110 ## - ENCABEZAMIENTO-NOMBRE DE ENTIDAD CORPORATIVA
- Nombre de entidad corporativa o nombre de jurisdicción como elemento de entrada: Colegio de Postgraduados. Centro de Estadística y CálculoÌ
670 ## - FUENTE DE DATOS ENCONTRADOS
- Cita de la fuente: Work cat.: (OSt)216178: Colegio de Postgraduados. Centro de Estadística y Cálculo 144965, Estudio para calificar la calidad de las mieles mexicanas de abejas : su relacion con la norma regional europea \ Colegio de Postgraduados. Centro de Estadística y Cálculo;
